Normal view
MARC view
- المرجئة- الفرق الاسلامية
Entry Topical Term
001 - CONTROL NUMBER
- control field: 56442
003 - CONTROL NUMBER IDENTIFIER
- control field: JO-AjAnu
005 - DATE AND TIME OF LATEST TRANSACTION
- control field: 20230606083241.0
008 - FIXED-LENGTH DATA ELEMENTS
- fixed length control field: 230606|| aca||aabn | a|a d
040 ## - CATALOGING SOURCE
- Original cataloging agency: JO-AjAnu
- Transcribing agency: JO-AjAnu
150 ## - HEADING--TOPICAL TERM
- Topical term or geographic name entry element: المرجئة- الفرق الاسلامية
670 ## - SOURCE DATA FOUND
- Source citation: Work cat.: (JO-AjAnu)28801: إعداد: سفر بن عبد الرحمن الحوالي ؛ اشراف محمد قطب, author 56441, ظاهرة الإرجاء في الفكر الإسلامي، ج1